00787nam a2200157Ia 4500008004100000020001800041100001800059245010400077260003500181440005400216650001700270650018300287856004500470999001900515952009500534171212s9999 xx 000 0 und d a9780801452024 aCody, Francis cCody, FrancisaThe Light of KnowledgebLiteracy Activism and the Politics of Writing in South India bCornell University Pressc2013 aExpertise: Cultures and Technologies of Knowledge aAnthropology aArivoli (Organization : Tamil Nadu, India); Literacy programs -- India -- Tamil Nadu; Literacy -- Political aspects -- India -- Tamil Nadu; Tamil Nadu (India) -- Rural conditions uwww.jstor.org/stable/10.7591/j.ctt32b5k9 c351459d351459 001040aCLbCLd2017-12-12l0oLC 157.I52 .C63 2013r2017-12-12 00:00:00w2017-12-12yCBE